The Wiley Dictionary of civil engineering and construction (Record no. 112366)

MARC details
000 -LEADER
fixed length control field 00645cam a22002055a 4500
001 - CONTROL NUMBER
control field E153084
008 - FIXED-LENGTH DATA ELEMENTS--GENERAL INFORMATION
fixed length control field 110607s1997 xxk f 000 0 eng d
020 ## - INTERNATIONAL STANDARD BOOK NUMBER
International Standard Book Number 0471181153
035 ## - SYSTEM CONTROL NUMBER
System control number (Sirsi) u153084
041 0# - LANGUAGE CODE
Language code of text/sound track or separate title eng
050 04 - LIBRARY OF CONGRESS CALL NUMBER
Classification number 690 $2 18
100 1# - MAIN ENTRY--PERSONAL NAME
Personal name Webster, L. F.
245 04 - TITLE STATEMENT
Title The Wiley Dictionary of civil engineering and construction
260 ## - PUBLICATION, DISTRIBUTION, ETC.
Place of publication, distribution, etc. New York
Name of publisher, distributor, etc. Wiley
Date of publication, distribution, etc. 1997
300 ## - PHYSICAL DESCRIPTION
Extent xi, 666p.
Dimensions 26cm.
520 ## - SUMMARY, ETC.
Summary, etc. Includes definitions of terms, techniques, concepts, names and abbreviations used in construction engineering, forestry and surveying.
651 #4 - SUBJECT ADDED ENTRY--GEOGRAPHIC NAME
Geographic name International
690 ## - LOCAL SUBJECT ADDED ENTRY--TOPICAL TERM (OCLC, RLIN)
Topical term or geographic name as entry element BUILT ENVIRONMENT
942 ## - ADDED ENTRY ELEMENTS (KOHA)
Suppress in OPAC 0
Holdings
Withdrawn status Lost status Source of classification or shelving scheme Damaged status Not for loan Home library Current library Shelving location Date acquired Cost, normal purchase price Total Checkouts Full call number Barcode Date last seen Copy number Cost, replacement price Price effective from Koha item type
    Dewey Decimal Classification     London London Books 07/06/2011 72.25   690 WEB 30076895 06/08/2019 1 72.25 06/08/2019 Book